| LEADER |
01120nam0a2200229 450 |
| 001 |
16868300 |
| 010 |
|
|
|a 978-2-7144-0413-8
|b br.
|d 23
|
| 100 |
|
|
|a 20251017d2026 u u0frey01 ba
|
| 101 |
1 |
|
|a fre
|c fre
|
| 102 |
|
|
|a FR
|
| 200 |
0 |
|
|a Hystérie collective
|f Lionel Shriver
|g traduit de l'anglais (Etats-Unis) par Catherine Gibert
|
| 207 |
|
1 |
|a
|
| 210 |
|
|
|a Paris
|b 216 Boulevard Saint Germain.
|c Belfond
|d 2026
|
| 215 |
|
|
|a 1 vol. (334 p.)
|d 23 x 15 cm
|
| 330 |
|
|
|a Depuis que les Etats-Unis sont dominés par la bien-pensance et le politiquement correct, certains mots sont devenus tabous. Les personnes qui tentent d'alerter leurs concitoyens sur les conséquences de la pensée unique se retrouvent en danger. Pearson, une professeure d'université, ne sait plus à qui elle doit faire confiance. Prix Transfuge du roman américain 2026.
|
| 608 |
|
|
|a Uchronie
|
| 676 |
|
|
|a 813
|
| 700 |
|
0 |
|a Shriver
|b Lionel
|4 70
|
| 702 |
|
0 |
|a Gibert
|b Catherine
|4 730
|
| 900 |
|
|
|a Roman
|
| 901 |
|
|
|a Adultes
|
| 995 |
|
|
|a Médiathèque
|c Médiathèque
|f 00156010417962
|h 00156010417962
|k R SHR
|o p
|q a
|r az
|u reste livraison ex S
|e Médiathèque
|